[Event "Montreal Mercredi 08"]
[Site "Montreal"]
[Date "2013.09.25"]
[Round "5"]
[White "Dobrev, Martin"]
[Black "Khudaverdian, Berj"]
[Result "0-1"]
[WhiteElo "1846"]
[BlackElo "1770"]
[PlyCount "57"]
[EventDate "2013.08.28"]
[EventType "swiss"]
[EventRounds "5"]
[EventCountry "CAN"]
[SourceTitle "EXT 2022"]
[Source "ChessBase"]
[SourceDate "2021.10.06"]
[SourceVersion "1"]
[SourceVersionDate "2021.10.06"]
[SourceQuality "1"]

1. d4 Nf6 2. c4 c5 3. Nf3 e6 4. Nc3 Na6 5. d5 d6 6. e4 e5 7. Bd3 Be7 8. 0-0 0-0 9. a3 Nc7 10. b4 b6 11. Ne1 Bg4 12. f3 Bh5 13. Be3 h6 14. Qd2 Nh7 15. Nc2 Bg5 16. f4 exf4 17. Bxf4 Qe7 18. Ne3 Bg6 19. Rae1 Bxf4 20. Rxf4 Rae8 21. Ng4 cxb4 22. axb4 Na6 23. Nb5 f5 24. Nf2 Ng5 25. Ra1 fxe4 26. Rxf8+ Rxf8 27. Nxe4 Nxe4 28. Bxe4 Qxe4 29. Rxa6 0-1

[Event "Montreal Mercredi 03"]
[Site "Montreal"]
[Date "2010.04.07"]
[Round "2"]
[White "Dobrev, Martin"]
[Black "Gagnon, Serge"]
[Result "0-1"]
[WhiteElo "1855"]
[BlackElo "1969"]
[PlyCount "56"]
[EventDate "2010.03.31"]
[EventType "tourn"]
[EventRounds "5"]
[EventCountry "CAN"]
[SourceTitle "EXT 2013"]
[Source "ChessBase"]
[SourceDate "2012.11.22"]
[SourceVersion "1"]
[SourceVersionDate "2012.11.22"]
[SourceQuality "1"]

1. d4 d6 2. c4 e5 3. Nf3 e4 4. Nfd2 f5 5. Nc3 Nf6 6. Qb3 c5 7. e3 Nc6 8. d5 Ne5 9. Be2 Be7 10. f3 exf3 11. Nxf3 Nfg4 12. 0-0 0-0 13. Qc2 Nxf3+ 14. Rxf3 Bf6 15. Bd2 Be5 16. Rh3 h6 17. Rf1 Qe7 18. Kh1 Bd7 19. Nd1 Rae8 20. Bc3 Bxc3 21. Qxc3 f4 22. Rhf3 fxe3 23. Rxf8+ Rxf8 24. Rxf8+ Qxf8 25. Nxe3 Nf2+ 26. Kg1 Ne4 27. Qe1 Qf6 28. Bd3 Qd4 0-1

[Event "Montreal Mercredi 02"]
[Site "Montreal"]
[Date "2010.03.17"]
[Round "5"]
[White "Zroud, Hicham"]
[Black "Dobrev, Martin"]
[Result "0-1"]
[WhiteElo "1731"]
[BlackElo "1846"]
[PlyCount "91"]
[EventDate "2010.02.17"]
[EventType "tourn"]
[EventRounds "5"]
[EventCountry "CAN"]
[SourceTitle "EXT 2013"]
[Source "ChessBase"]
[SourceDate "2012.11.22"]
[SourceVersion "1"]
[SourceVersionDate "2012.11.22"]
[SourceQuality "1"]

1. e4 c6 2. d4 d5 3. f3 g6 4. Nc3 Bg7 5. Be3 h5 6. Qd2 e6 7. 0-0-0 Nd7 8. Nh3 Nb6 9. Bg5 Ne7 10. Qf4 Nd7 11. exd5 exd5 12. Qd6 Nf8 13. Qg3 Bxh3 14. Qxh3 Ne6 15. Be3 Nf5 16. Re1 Nxe3 17. Rxe3 Bh6 18. f4 Bxf4 19. Bd3 Bxe3+ 20. Qxe3 Qg5 21. Re1 Qxe3+ 22. Rxe3 Kd7 23. Ne2 Rae8 24. Rf3 Ke7 25. c3 Ng5 26. Rf2 Ne4 27. Rf4 f5 28. c4 Kf6 29. h3 g5 30. Rf1 h4 31. Kc2 f4 32. Ng1 Ng3 33. Rf2 dxc4 34. Bxc4 Rd8 35. Nf3 Rhe8 36. Rd2 Nf5 37. Kc3 Re3+ 38. Kc2 Rxf3 39. gxf3 Rxd4 40. Bd3 c5 41. Kc3 Ne3 42. b3 Nd5+ 43. Kb2 Nb4 44. Kc3 Rxd3+ 45. Rxd3 Nxd3 46. Kxd3 0-1

[Event "Quebec-ch U20"]
[Site "Montreal"]
[Date "2010.03.14"]
[Round "5"]
[White "Zhu, Hong Rui"]
[Black "Dobrev, Martin"]
[Result "1-0"]
[WhiteElo "1767"]
[BlackElo "1846"]
[PlyCount "105"]
[EventDate "2010.03.12"]
[EventType "swiss"]
[EventRounds "5"]
[EventCountry "CAN"]
[SourceTitle "EXT 2013"]
[Source "ChessBase"]
[SourceDate "2012.11.22"]
[SourceVersion "1"]
[SourceVersionDate "2012.11.22"]
[SourceQuality "1"]

1. e4 c6 2. d4 d5 3. exd5 cxd5 4. Bd3 Nc6 5. c3 Nf6 6. h3 e6 7. Bf4 Bd6 8. Bxd6 Qxd6 9. Nf3 0-0 10. 0-0 Rb8 11. a4 Bd7 12. Nbd2 a6 13. Qc2 Rfc8 14. Nb3 Nb4 15. Qe2 Nxd3 16. Qxd3 Ne4 17. Nbd2 Qf4 18. Qe3 Qxe3 19. fxe3 Ng3 20. Rfe1 b5 21. axb5 Bxb5 22. Kf2 Ne4+ 23. Nxe4 dxe4 24. Nd2 Bd3 25. Ra2 g5 26. Rc1 f5 27. c4 Kf7 28. b3 Rb6 29. Rca1 Rcc6 30. Rc1 Rb4 31. Ra5 Kf6 32. Kg3 Rb7 33. Rca1 Rbb6 34. R1a2 Kg6 35. Re5 Rc7 36. Raa5 Rf7 37. Kh2 h6 38. Kg1 Rf6 39. g3 Bc2 40. Ra3 Rf7 41. Rea5 Ra7 42. c5 Rb4 43. Rxa6 Rxa6 44. Rxa6 Bxb3 45. Rb6 Rxb6 46. cxb6 Bd5 47. Nc4 Kf6 48. Nd6 e5 49. dxe5+ Kxe5 50. b7 Bxb7 51. Nxb7 f4 52. Kf2 h5 53. Nd8 1-0

[Event "Montreal Saturday op 01"]
[Site "Montreal"]
[Date "2010.01.20"]
[Round "3"]
[White "Dobrev, Martin"]
[Black "Zroud, Hicham"]
[Result "1-0"]
[WhiteElo "1818"]
[BlackElo "1728"]
[PlyCount "68"]
[EventDate "2010.01.06"]
[EventType "tourn"]
[EventRounds "5"]
[EventCountry "CAN"]
[SourceTitle "EXT 2011"]
[Source "ChessBase"]
[SourceDate "2010.11.26"]
[SourceVersion "1"]
[SourceVersionDate "2010.11.26"]
[SourceQuality "1"]

1. d4 Nf6 2. Nf3 g6 3. g3 c5 4. e3 b6 5. Bg2 Bb7 6. 0-0 Bg7 7. c4 0-0 8. dxc5 bxc5 9. Nc3 d6 10. Rb1 Nbd7 11. a3 Rb8 12. b3 Ne4 13. Ne2 a5 14. Qd3 Nef6 15. Nc3 Ng4 16. Qc2 Nge5 17. Nxe5 Nxe5 18. Bxb7 Rxb7 19. Bb2 Qd7 20. Kg2 Rfb8 21. Nb5 Nc6 22. Bxg7 Kxg7 23. f4 f5 24. Rfd1 Qe6 25. Qd3 Na7 26. Nxa7 Rxa7 27. Kf3 Kf7 28. Re1 Rbb7 29. e4 Qf6 30. e5 Qe6 31. exd6 Qxd6 32. Qc2 a4 33. bxa4 Rxb1 34. Qxb1 Rxa4 1-0

[Event "Montreal Unisource 4th"]
[Site "Montreal"]
[Date "2009.03.01"]
[Round "5"]
[White "Caceres Cortes, Julio"]
[Black "Dobrev, Martin"]
[Result "1-0"]
[WhiteElo "1992"]
[BlackElo "1844"]
[PlyCount "57"]
[EventDate "2009.02.27"]
[EventType "tourn"]
[EventRounds "5"]
[EventCountry "CAN"]
[SourceTitle "EXT 2011"]
[Source "ChessBase"]
[SourceDate "2010.11.26"]
[SourceVersion "1"]
[SourceVersionDate "2010.11.26"]
[SourceQuality "1"]

1. Nf3 d5 2. c4 e6 3. d4 Nf6 4. Nc3 c6 5. Bg5 dxc4 6. e4 b5 7. e5 h6 8. Bh4 g5 9. Nxg5 hxg5 10. Bxg5 Nbd7 11. exf6 Bb7 12. g3 Qb6 13. Bg2 0-0-0 14. 0-0 b4 15. Na4 Qb5 16. h4 c5 17. Bxb7+ Qxb7 18. f4 Qe4 19. Rc1 Nb6 20. Nxb6+ axb6 21. Rxc4 b5 22. Rc2 Rxd4 23. Qe2 Qxe2 24. Rxe2 c4 25. f5 exf5 26. Rxf5 Kc7 27. Bf4+ Kc6 28. Re8 Rg8 29. Kh2 1-0

[Event "Montreal Mercredi 01"]
[Site "Montreal"]
[Date "2009.02.04"]
[Round "5"]
[White "Turcotte, Jonathan"]
[Black "Dobrev, Martin"]
[Result "1-0"]
[WhiteElo "1743"]
[BlackElo "1848"]
[PlyCount "57"]
[EventDate "2009.01.07"]
[EventType "tourn"]
[EventRounds "5"]
[EventCountry "CAN"]
[SourceTitle "EXT 2011"]
[Source "ChessBase"]
[SourceDate "2010.11.26"]
[SourceVersion "1"]
[SourceVersionDate "2010.11.26"]
[SourceQuality "1"]

1. e4 c6 2. d4 d5 3. exd5 cxd5 4. c4 Nf6 5. Nc3 Be6 6. c5 Nc6 7. Nf3 g6 8. Bb5 Bg7 9. 0-0 0-0 10. Re1 Bg4 11. Bxc6 bxc6 12. h3 Bxf3 13. Qxf3 Rb8 14. Rb1 Nd7 15. Bf4 Bxd4 16. Bxb8 Qxb8 17. Rxe7 Ne5 18. Qg3 f5 19. Qh4 Nf3+ 20. gxf3 Bg7 21. Rbe1 h6 22. b4 g5 23. Rxg7+ Kxg7 24. Qd4+ Kg6 25. Re6+ Kh5 26. Qg7 Rh8 27. Qg6+ Kh4 28. Qxh6+ Rxh6 29. Rxh6# 1-0